[Event "CZE-chT 0607"]
[Site "Czech Republic"]
[Date "2006.12.02"]
[Round "3.1"]
[White "Jakubiec, Artur"]
[Black "Dydyshko, Viacheslav"]
[Result "1-0"]
[WhiteElo "2485"]
[BlackElo "2562"]
[Annotator "Ftacnik,L"]
[PlyCount "64"]
[EventDate "2006.12.01"]
[EventType "team"]
[EventRounds "11"]
[EventCountry "CZE"]
[SourceTitle "CBM 116"]
[Source "ChessBase"]
[SourceDate "2007.02.01"]
[SourceVersion "1"]
[SourceVersionDate "2007.02.01"]
[SourceQuality "1"]
[WhiteTeam "Ostrava"]
[BlackTeam "Frydek Mistek"]
[WhiteTeamCountry "CZE"]
[BlackTeamCountry "CZE"]

1. e4 c5 2. Nf3 d6 3. d4 cxd4 4. Nxd4 Nf6 5. Nc3 a6 6. Bg5 e6 7. f4 Be7 8. Qf3
Qc7 9. O-O-O Nbd7 10. g4 b5 11. Bxf6 Nxf6 12. g5 Nd7 13. f5 Nc5 14. f6 gxf6 15.
gxf6 Bf8 16. Rg1 h5 17. a3 Rb8 18. Rg7 {The whole line is very sharp and
tactical, but black position remains very tough nut to crack. Jakubiec lacks
the access routes with his pieces and has to be ready for sacrifices.} (18. e5
d5 19. Bh3 b4 20. axb4 Rxb4 21. Nxd5 exd5 22. Bxc8 Ne4 (22... Qxc8 23. Qxd5
Bh6+ 24. Kb1 Na4 25. Nb3 $14) 23. Nb3 Qxc8 24. Rxd5 Rc4 25. Rgd1 Rg8 26. Kb1 {
1-0 Wolff,P-McKenna,G/Philadelphia 1990/}) 18... b4 19. axb4 (19. Nd5 exd5 20.
exd5 Nd7 21. Ne6 (21. Re1+ Ne5 22. axb4 Bd7 23. Bh3 Bxh3 24. Qxh3 Bxg7 25. fxg7
Rg8 26. Qxh5 Qe7 $11 {1/2 Nikolova,A-Jordanova,S/Vratsa 2006/ (39)}) 21... fxe6
22. dxe6 Ne5 23. e7 Nxf3 24. exf8=Q+ Rxf8 25. Rxc7 bxa3 $4 (25... Rxf6 $19) 26.
Re7+ Kd8 27. Rxd6+ {1-0 Antoli Royo,J-Hidalgo Duque,C/Mondariz 2005/}) 19...
Rxb4 20. Bh3 $5 Qb6 (20... Qb7 21. b3 a5 (21... Bxg7 22. fxg7 Rg8 23. Qxh5 Qe7
24. Nc6 $16) 22. Qe3 Bd7 23. Rdg1 {By creating the threat of Rg8 White
practically forces Black to take on g7, sharpening the position. 23.Nd5 gave
nothing real to white.} (23. Nd5 exd5 24. exd5+ Kd8 25. Bxd7 Qxd7 26. Nc6+ Kc8
$17) (23. e5 d5 24. Nf5 exf5 25. Nxd5 Re4 $19) 23... Bxg7 24. fxg7 Rg8 25. e5
$6 {After 25.Qh6 White could have received a practically won position.} (25.
Qh6 $1 Nxe4 (25... Qc8 26. Qh7 Ke7 (26... Nxb3+ 27. Nxb3 Ke7 28. Rg3 $40) 27.
Nf5+ $40) 26. Bg2 Qa7 (26... Nxc3 27. Qh8 $18) 27. Qh8 $18) 25... Rxd4 $2 {
Black was probably scared of White's threats and wrongly sacrifices an
exchange. The cold-blooded 25...Qa7 allowed Black to take over the initiative.}
(25... Qa7 $5 $36 26. Qh6 (26. Nf5 exf5 27. exd6+ Re4 28. Nxe4 fxe4 29. Bxd7+
Kxd7) 26... Nxb3+ 27. cxb3 Qxd4 $19) 26. Qxd4 Qb4 27. Qe3 $13 {0-1 Rudolf,
H-Richert,T/Germany 2005/ (47)}) (20... Bxg7 $2 21. fxg7 Rg8 22. Qxh5 $36) 21.
e5 $6 (21. Nd5 exd5 22. Bxc8 Rxb2 23. exd5 Kd8 (23... Rb1+ 24. Kd2 Rxd1+ 25.
Kxd1 Qb1+ 26. Ke2 Bxg7 27. fxg7 Rg8 28. Qe3+ Kd8 29. Bf5 $18) 24. Bf5 Rb1+ 25.
Kd2 Rxd1+ 26. Kxd1 Bxg7 27. fxg7 Re8 $11) 21... Bb7 (21... Rxb2 22. exd6 Bd7
23. Rd2 Rb4 $13) 22. Qg3 d5 $6 {In the quiet of the home study it is easy to
play smart and suggest improvement. Dydyshko should have opted for swap of the
pawns on the e5 square.} (22... dxe5 $1 23. Qxe5 Nd7 24. Qf4 Bxg7 25. fxg7 Rg8
$17) 23. Bf5 $5 Rxd4 {[%mdl 256] In this type of positions It is difficult to
make rational choices over the board. I have problems to refute the naive 23...
exf5!? with a spare piece..} (23... Rxb2 24. Bg6 (24. Bh7 h4 25. Qg5 Na4 26.
Qh5 Rb1+ 27. Nxb1 Qb2+ 28. Kd2 Qxd4+ 29. Ke1 (29. Ke2 Qe4+ 30. Bxe4 Rxh5 31.
Bg6 Rxe5+ 32. Kf3 fxg6 33. Rxb7 Rf5+ 34. Kg2 $11) 29... Qe3+ 30. Kf1 Qf4+ $11)
(24. Rxf7 $2 Bh6+ 25. Rd2 Kxf7 $19) 24... fxg6 25. Qxg6+ Kd8 26. Qf7 Bc8 27.
Rg8 Rxg8 28. Qxg8 Ke8 29. f7+ Ke7 30. Nf5+ Kd7 31. Rxd5+ exd5 32. Qxf8 Rxc2+
33. Kxc2 Qb3+ $11) (23... exf5 $5 24. Nxf5 (24. e6 Nxe6 25. Nxe6 Qxe6 26. Re1
Re4 27. Nxe4 fxe4 28. Qb8+ Bc8 $19) 24... h4 $1 (24... Rxb2 25. Nd6+ Bxd6 26.
exd6 $16) 25. Qg1 (25. Qe3 Rxb2 26. Nd6+ Bxd6 27. exd6+ Ne4 $19) (25. Qg5 Ne6
$19) 25... Rxb2 26. Nd6+ Bxd6 27. exd6 Rxc2+ 28. Kxc2 Qb3+ $19) 24. Rxd4 exf5 (
24... Nb3+ 25. cxb3 Qxd4 26. Rxf7 $1 $18) 25. Nxd5 Bxd5 (25... Nb3+ $2 26. Qxb3
Qxd4 27. Qxb7 $18) 26. Rxd5 Ne4 $2 {This activity is unsuitable with two black
pieces tied down at home. Black was still able to get a bigger part of the
case with the cool exchange on g7.} (26... Bxg7 $1 27. fxg7 Rg8 28. Qc3 Nd7 29.
Rd1 f4 $17) 27. e6 $1 Nxf6 (27... Nxg3 28. exf7#) (27... Qxe6 28. Qb8+ $18) 28.
exf7+ Ke7 29. Re5+ Kd7 (29... Kd8 30. Rg8 $18) 30. Rg8 {The game is over as
the pawn f7 became too powerful.} Bd6 (30... Nxg8 31. fxg8=Q Rxg8 32. Qxg8 $18)
31. Rxh8 (31. Qg7 $18) 31... Bxe5 32. Qd3+ (32. Qxe5 Qg1+ 33. Kd2 Ne4+ 34. Qxe4
fxe4 35. f8=Q Qxh2+ 36. Ke3 $18) 32... Bd4 (32... Bd4 33. f8=Q Qxb2+ 34. Kd1
$18) 1-0

[Event "Oberliga Nord O 9900"]
[Site "Germany"]
[Date "1999.10.10"]
[Round "1"]
[White "Rosenthal, Dirk"]
[Black "Schurade, Matthias"]
[Result "1-0"]
[WhiteElo "2352"]
[BlackElo "2360"]
[Annotator "Gipslis,A"]
[PlyCount "73"]
[EventDate "1999.10.??"]
[EventType "team"]
[EventRounds "9"]
[EventCountry "GER"]
[SourceTitle "CBM 073"]
[Source "ChessBase"]
[SourceDate "1999.12.01"]
[SourceVersion "1"]
[SourceVersionDate "1999.12.01"]
[SourceQuality "1"]

1. e4 c5 2. Nf3 d6 3. d4 cxd4 4. Nxd4 Nf6 5. Nc3 a6 6. Bg5 e6 7. f4 Nbd7 8. Qf3
Qc7 9. O-O-O b5 10. g4 Be7 11. Bxf6 Nxf6 12. g5 Nd7 13. f5 Nc5 14. f6 gxf6 15.
gxf6 Bf8 16. Rg1 h5 (16... b4 17. Nd5 exd5 18. exd5 Bd7 (18... Nd7 19. Nc6 Bh6+
20. Kb1 Ne5 21. Nxe5 dxe5 22. d6 Qa7 (22... Bb7 23. dxc7 Bxf3 24. Bxa6 Bxd1 25.
Bb5+ Kf8 26. Rxd1 $18) (22... Qb8 23. d7+ Bxd7 24. Rxd7 Kxd7 25. Qd5+ Qd6 26.
Qb7+ Ke8 27. Qxa8+ Qd8 28. Qxd8+ Kxd8 29. Bxa6 $16) 23. Bg2 $1 Rb8 $16 24. Qh5
$1 Bf4 25. Bc6+ Bd7 26. Bd5 $1 Bb5 27. Be6 Kd8 28. Rg7 $16 {Napoli Costa -
Montagnio, corr. 1992}) 19. Rg7 (19. Re1+ Kd8 20. Rg7 Qa5 $1 (20... Kc8 $2 21.
Rxf7 Kb7 22. Ne6 Qc8 23. Nxc5+ dxc5 24. Bh3 $18 {P.Schlosser - Mull,Dortmund
1987}) 21. Rxf7 b3 $1) 19... O-O-O (19... Bxg7 $2 20. fxg7 Rg8 21. Re1+ Kd8 22.
Qxf7 $18) (19... Qa5 20. Qe3+ Kd8 21. Rxf7 Qxa2 22. Ne6+ $1 Nxe6 23. dxe6 Qxe6
(23... Bxe6 24. Rxf8+ $1) 24. Qb6+ Ke8 25. Rxd7 $1 Qxd7 26. Bg2 Rc8 (26... Bh6+
27. Kb1 Rc8 28. Rxd6 Qc7 29. Bc6+ Kf8 30. Qc5 $18) 27. Re1+ Kf7 28. Bd5+ Kg6
29. Qg1+ Kh6 30. Re4 $18) 20. Rxf7 Bh6+ 21. Kb1 Rdf8 22. Rxf8+ (22. Re7 Bg5 (
22... Qd8 23. Rxd7 Kxd7 24. Qf5+ Kc7 25. Ne6+ Nxe6 26. dxe6 Be3 27. Qd5 $18 {
Chinchilla - Hernandez,Managua 1987}) 23. Rxd7 Nxd7 $13 24. Ne6 Qa7 25. Nxg5
Rxf6 26. Qg4 (26. Qd3 Kb8 27. Qxa6 Qxa6 28. Bxa6 Nc5 29. Bc4 Rf2 {0:1 Schmidt
- Scuderi, corr. 1989}) 26... Rg8 (26... Kb8 $6 27. Ne6 Rc8 28. Bh3 Rg6 29.
Qxb4+ Qb6 30. Qxb6+ Nxb6 31. Nf4 $16 {Hector - Yinic, Belfort 1988}) 27. Bd3 h5
28. Qxh5 Nc5 $13 {Barten - Neumann, corr. 1990}) 22... Rxf8 23. Ne6 $16 {
Smuter - Kaspi, Tel Aviv 1996} Nxe6 24. Bxa6+ (24. dxe6 Bxe6 25. Bh3 $1 Qd7 $8
26. Qa8+ Kc7 27. Qa7+ Kc8 28. Qxa6+ $40 Kc7) 24... Kb8 25. dxe6 Bxe6 (25... Bc6
$5) 26. Rxd6 Bc8 (26... Re8 $1 $13) 27. Rc6 Re8 28. a4 $1 $44) (16... Bd7 17.
Rg7 Bxg7 (17... h5 18. a3 Qb7 19. b4 $1 Na4 20. Nxa4 bxa4 21. Bc4 Bxg7 22. fxg7
Rg8 23. Rf1 $1 O-O-O 24. Qc3 Kb8 25. Rxf7 Qxe4 26. Nxe6 Rc8 27. Nc5 dxc5 28.
Rxd7 $18 {Bauer - Schwarz, corr. 1988}) (17... b4 18. e5 Ra7 (18... d5 19. Nxd5
exd5 20. Qxd5 O-O-O 21. Rxf7 $16) (18... Rc8 19. Qh5 Bxg7 20. fxg7 Rg8 21. Qxh7
Rxg7 22. Qh8+ Ke7 23. Nf5+ exf5 24. Nd5+ Ke6 25. Nxc7+ Rxc7 26. Qxg7 $18) 19.
Rxf7 $1 bxc3 (19... Kxf7 20. Qh5+ Kg8 21. f7+ Kg7 22. Be2 Be7 $5 23. Rg1+ Bg5+
24. Rxg5+ Kf8 25. Qh6+ $18) (19... dxe5 $5) 20. Qh5 Kd8 (20... Qb6 21. Rxf8+
Kxf8 22. Qh6+ Ke8 23. f7+ Kxf7 24. Qf6+ Kg8 25. Bb5 Be8 $13) 21. Rxf8+ Rxf8 22.
Qxh7 cxb2+ 23. Kb1 Be8 $13 (23... Bc8 $5) 24. Qh3 Qf7 25. Nb3 Bd7 26. Rxd6 Nb7
27. Qd3 Nxd6 $13 {Remise - Sonnet, corr. 1990}) 18. fxg7 Rg8 19. e5 (19. Qf6 $6
Qd8 20. Qh6 b4 21. Nf5 exf5 22. Nd5 Nxe4 23. Re1 Be6 24. Rxe4 fxe4 25. Nf6+ Ke7
26. Qg5 Rxg7 27. Qxg7 Qh8 $19) (19. Bxb5 $5 Nb3+ (19... O-O-O 20. Bxd7+ Rxd7
21. Qf6 Qd8 22. Qh6 $44) (19... axb5 20. Ndxb5 Qb6 21. Nxd6+ Kd8 22. Qxf7 Kc7
23. Ndb5+ $18) 20. Nxb3 axb5 21. e5 $5 $44) 19... O-O-O 20. exd6 Qb6 21. Ne4
Bc6 22. Nxc6 Qxc6 23. Qc3 Qxe4 $16 24. Qxc5+ Kb7 25. Qc7+ Ka8 26. d7 $1 $16)
17. Kb1 $146 (17. Rg7 b4 (17... Nd7 18. e5 Qb7 19. Qe2 dxe5 20. Nxe6 fxe6 21.
Bg2 Qb8 22. Bxa8 Qxa8 23. Qd3 $16 {Gershon - Halkias, Cala Galdana 1996}) (
17... Bd7 18. e5 Rc8 (18... Rb8 $6 19. exd6 Bxd6 20. Bh3 b4 21. Ne4 {1:0
Vasiesiu - Musat, Rumanija 1992}) 19. exd6 Bxd6 20. Bd3 (20. Bh3 $5 $13) 20...
b4 21. Ne4 Nxd3+ 22. Qxd3 Bf8 23. Kb1 $13 {Ticky - Vavra,Cehija 1995}) (17...
Qd8 18. Kb1 Bb7 19. Rg5 (19. Bh3 Bxg7 20. fxg7 Rg8 21. Qxh5 Qf6 22. Rf1 Qg6 23.
Qxg6 fxg6 24. Nxe6 $44 {Langeveld - De Vries, Holand (corr.) 1991}) 19... Nd7
20. Nxe6 fxe6 21. Rxh5 Bh6 22. Qg3 Qxf6 23. Qxd6 Rh7 24. Nxb5 $13 {Wedenmeyer
- Maliangkay, corr. 1990}) 18. Nd5 exd5 19. exd5 Bg4 (19... Nd7 20. Nc6 Ne5 21.
Nxe5 dxe5 22. d6 Bb7 23. Qb3 $36 {Mohr - Orel, Slovenia 1993}) 20. Re1+ (20.
Qe3+ Kd8 21. Nc6+ Kc8 22. Rd4 a5 23. c3 bxc3 24. b4 Qb6 25. Qxc3 Bxg7 26. fxg7
Re8 27. bxc5 $40 {Novotny - Sturc, Cehija (corr) 1989}) 20... Kd8 21. Qf4 (21.
Qf2 $5 Qd7 22. h3 Bxg7 23. fxg7 Re8 24. Rxe8+ Qxe8 25. hxg4 hxg4 26. Nf5 Kc7
27. Qh4 f6 28. Qxg4 Qe1+ $11 {Schuett - Trisic, Bargteheide 1989}) (21. Qe3 Kc8
22. Ne6 Nxe6 23. dxe6 Bxe6 24. Qf3 Qb7 25. Qxb7+ Kxb7 26. Rxe6 Bxg7 27. Bg2+
Kb6 28. Rxd6+ $44 {Mc Donald - Celeman,Eastbourne 1991}) 21... Kc8 $1 22. Kb1 (
22. Nc6 Bd7 (22... Qd7 $5 $13) 23. Ne7+ Kb7 24. Kb1 Bxg7 25. fxg7 Rhe8 $13)
22... Qd7 $5 23. h3 Kc7 24. hxg4 Bxg7 25. fxg7 Rhe8 26. Rxe8 Rxe8 27. Be2 $13 {
Valdes - Diaz, Pinar del Rio,1988}) (17. a3 Bd7 18. Bh3 Na4 19. Nxa4 bxa4 20.
e5 Rb8 21. Bxe6 Bxe6 22. Nxe6 fxe6 23. exd6 Qb6 $1 24. f7+ (24. d7+ Kd8 25. Qc3
Bh6+ 26. Kb1 Bd2 27. Qe5 Bf4 $11) (24. Qc3 Bh6+ 25. Kb1 Kf7 26. Rg7+ Bxg7 27.
fxg7 Qxb2+ $11) 24... Kd7 25. Qc3 $13 {Wan Willigen - Jordan, corr. 1992})
17... b4 18. Nd5 exd5 19. exd5 Bg4 20. Re1+ Kd8 21. Qf4 Bh6 22. Qf2 Re8 23.
Rxe8+ Kxe8 24. h3 Ne4 25. Qe1 Kd7 (25... Kf8 26. Qxe4 Re8 27. Ne6+ fxe6 28. Qg6
Be3 29. Rg2 (29. hxg4 $5 Bxg1 30. Qh6+ Kg8 31. dxe6 Rxe6 32. Bc4 $18) 29... Qf7
30. Qxf7+ Kxf7 31. hxg4 $13) 26. hxg4 $8 (26. Qxe4 $6 Re8 27. Ne6 Bxe6 $19)
26... Nd2+ 27. Ka1 Re8 $5 28. Bh3 $3 Rxe1+ 29. Rxe1 Qd8 (29... Qc5 $5 30. Re7+
Kc8 31. g5+ Kb8 32. Nc6+ Ka8 33. Re8+ Kb7 34. Rb8+ Kc7 35. Rc8+ Kb6 36. Rb8+
$11) 30. Nc6 Qf8 31. Re7+ Qxe7 32. gxh5+ Qe6 33. dxe6+ fxe6 34. Nd4 Ne4 35.
Bxe6+ Ke8 36. Nf5 Bf4 37. f7+ 1-0

[Event "Alushta Autumn 1st"]
[Site "Alushta"]
[Date "2004.09.05"]
[Round "12"]
[White "Neelotpal, Das"]
[Black "Alexikov, Alexander"]
[Result "1-0"]
[WhiteElo "2448"]
[BlackElo "2386"]
[Annotator "Gofshtein,L"]
[PlyCount "57"]
[EventDate "2004.08.28"]
[EventType "tourn"]
[EventRounds "15"]
[EventCountry "UKR"]
[EventCategory "9"]
[SourceTitle "CBM 103"]
[Source "ChessBase"]
[SourceDate "2004.11.11"]
[SourceVersion "1"]
[SourceVersionDate "2004.11.11"]
[SourceQuality "1"]

1. e4 c5 2. Nf3 d6 3. d4 cxd4 4. Nxd4 Nf6 5. Nc3 a6 6. Bg5 e6 7. f4 Nbd7 8. Qf3
Qc7 9. O-O-O Be7 10. Bd3 h6 11. Bh4 g5 12. fxg5 Ne5 13. Qe2 Nfd7 $6 {This move
has a dubious reputation ever since it was first introduced in the game
Kamsky-Polgar in 1992.} (13... Nfg4 {is the usual move}) 14. Qh5 Nf8 {This
attempt to improve doesn't seem to be a real improvement} ({The above
mentioned game continued with} 14... Nc5 15. gxh6 Ncxd3+ 16. cxd3 Qc5 17. Nf5
$1 exf5 18. d4 Qb6 19. Bxe7 Nc4 20. Qe2 Qxb2+ 21. Qxb2 Nxb2 {when white could
have won at once after} 22. Bf6 $1 $18 {Anand} (22. Kxb2 $2 Kxe7 $14 {1-0
Kamsky,G-Polgar,J/Paris 1992/CBM 33/[Anand] (66)}) 22... Nxd1 (22... Rxh6 23.
Kxb2 Rxf6 24. Nd5 $18) 23. Bxh8 Nxc3 24. h7 Be6 (24... Ne2+ 25. Kb2 Nf4 26. Bg7
Ng6 27. h4 $1 $18) 25. Bg7 Kd7 26. d5 $1 $18 {White ends up with an extra rook
(Anand)}) (14... Ng6 15. Nxe6 $18) 15. gxh6 Qc5 16. Be2 {After this simple
move, white retains with an extra material and a much better position} Bxh4 (
16... Nd3+ $6 17. Rxd3 Qxh5 18. Bxh5 Bxh4 19. Rf1 {White is probably on the
verge of a win already}) 17. Qxh4 Nfg6 18. Qf6 Nd7 (18... Rxh6 19. h4 $1 {
is strong, throwing black's pieces further back}) 19. Qf2 Rxh6 20. Rhf1 (20. h4
$2 {would be a mistake now, as it is met by} Rxh4 21. Rxh4 Qg5+) 20... Rh7 21.
h4 $1 {very strong, white chooses a direct approach} ({after} 21. Kb1 b5 {
black could have hoped to get some counterplay}) 21... Nxh4 (21... b5 22. h5
Nge5 23. Qg3 {threatening Nxe6, with a strong attack}) 22. e5 $1 {white clears
way for his pieces, now the bishop is going to the b1-h7 diagonal and the
knight has a nice spot on e4. The rooks also have the e-files if needed} dxe5 {
the capture with the queen doesn't help as well} (22... Qxe5 23. Bd3 $1 Ng6 (
23... Qg5+ 24. Kb1 Rg7 25. Ne4 Qe7 26. Qf4 $1 (26. Nxd6+ Qxd6 27. Qxh4 {
is also strong}) 26... e5 27. Nxd6+ Qxd6 28. Qxh4 {with a winning attack, for
example} Nf8 (28... exd4 29. Rde1+ Ne5 30. Qh8+ $18) 29. Nb5 Qb6 30. Nd6+ Qxd6
31. Bb5+ {winning}) 24. Kb1 {White is a pawn down now but his attack is
irresistable, for example:} (24. Bxg6 $6 Qg5+ 25. Kb1 Qxg6 {is still not so
clear, for example} 26. Ndb5 axb5 27. Nxb5 Kd8) 24... Ndf8 25. Ne4 Ke7 (25...
Rg7 26. Rde1) 26. Nf3 Qg7 27. Qb6 {winning}) 23. Ne4 Qe7 24. Qg3 Ng6 ({or} 
24... Rh8 25. Qg7 Rf8 (25... Qf8 26. Nd6+ $18) 26. Nxe6 $1 Qxe6 27. Bg4 Qe7 28.
Nd6+ Kd8 29. Nxc8 {winning}) 25. Nxe6 $1 {another nice blow, white totally
opens up the black king} (25. Nf3 Rg7 {and black still has chances to defend})
25... Qxe6 26. Bc4 Qc6 27. Nd6+ Kd8 28. Bxf7 (28. Nxf7+ Kc7 29. Bd5 Qb6 30. Be4
Rg7 31. Nd6 {would have been a less convincing way to take back the material})
28... Ngf8 $6 ({more stubborn was} 28... Ne7 {would have required some
accurate moves from white} 29. Qg5 $1 {not letting the king to escape to c7} b5
30. Bg8 Rh2 31. Rf7 Rxg2 32. Qxe7+ Kc7 33. Bh7 $1 {winning}) 29. Rf3 {black
resigned, a little prematurely probably but the lines show that white is
winning} (29. Rf3 Kc7 (29... b5 30. Rc3) 30. Rc3 Nc5 31. Qxe5 Nfd7 32. Qg3 Kb6
33. Bd5 Qa4 34. Rc4 Qa5 35. Qg6 $18) 1-0

[Event "EU-ch 4th"]
[Site "Istanbul"]
[Date "2003.06.11"]
[Round "11"]
[White "Luther, Thomas"]
[Black "Shneider, Aleksandr"]
[Result "1-0"]
[WhiteElo "2571"]
[BlackElo "2497"]
[Annotator "Gofshtein,L"]
[PlyCount "79"]
[EventDate "2003.05.30"]
[EventType "swiss"]
[EventRounds "13"]
[EventCountry "TUR"]
[SourceTitle "CBM 096"]
[Source "ChessBase"]
[SourceDate "2003.09.25"]
[SourceVersion "1"]
[SourceVersionDate "2003.09.25"]
[SourceQuality "1"]

1. e4 {[%mdl 132]} c5 2. Nf3 d6 3. d4 cxd4 4. Nxd4 Nf6 5. Nc3 a6 6. Bg5 e6 7.
f4 Nbd7 8. Qf3 Qc7 9. O-O-O b5 10. Bd3 {Besides, there are also other moves,
which lead to a compex position} (10. Bxb5) (10. e5 Bb7 11. Qh3) 10... Bb7 11.
Rhe1 Be7 12. Qg3 b4 13. Nd5 {[%mdl 512]} exd5 14. exd5 {It is well known that
the other possible move 14.e5 gives black an opportunity to refute the attack.}
(14. e5 dxe5 15. fxe5 Nh5 16. Qh4 Bxg5+ 17. Qxg5 g6 18. e6 Nc5 (18... Qf4+ 19.
Qxf4 Nxf4 20. exd7+ Kxd7 21. Rf1 Nxd3+ 22. Rxd3 f5 23. g4 Raf8 $11 {0-1
Grabarczyk,B-Kuczynski,R/Warsaw 2001/CBM 84 (63). (63)}) 19. exf7+ Kxf7 20.
Rf1+ Kg8 21. Nf5 Rf8 $5 ({Black may reach immediate draw by following:} 21...
Ne6 22. Nh6+ Kg7 23. Nf5+ Kg8 24. Nh6+ Kg7 25. Nf5+ Kg8 {1/2-1/2 Luther,
T-Nielsen,P/Malmo 2002/CBM 90 (25).}) (21... Nxd3+ 22. Rxd3 Rf8 23. Re3 $36 {
[%cal Ge3e7]}) 22. Ne7+ Kg7 23. Bxg6 Ne6 24. Nf5+ Rxf5 25. Qxf5 Nhf4 26. Bh5
Rf8 27. Qg4+ Kh8 28. g3 Rc8 {1/2-1/2 Berelovich,A-Dvoirys,S/Hoogeveen 2001/CBM
84 ext (80). (80)}) 14... Kd8 15. Nc6+ $5 {A relatively new idea by Kotronias,
which allows white to fight for the initiative. White opens the position even
more, therefore increasing the activity of its pieces. Other moves, such as 15.
Qe3, 15.Re7 or 15.Nf5 as the practice showed don't give white anything real.} (
15. Rxe7 $5 Kxe7 16. Nf5+ Kd8 17. Bh4 Qa5 $142 $5 (17... Rg8 18. Nh6 $1) (17...
Qc5 18. Qxg7 Kc7 19. Bxf6 Rhg8 20. Bd4 Rxg7 21. Bxc5 Nxc5 22. Nxg7 Rg8 23. Nh5
Rxg2 $15 {0-1 Jens,J-Dvoirys,S/Dieren NED 2001/The Week in Chess 350 (56). (56)
}) 18. Nxd6 Bxd5 19. Qxg7 Kc7 20. Bxf6 Rhg8 21. Qh6 Qxa2 {with a big mess on
the board;}) (15. Qe3 Re8 (15... Nb6 $5 16. Nf5 Nbxd5 17. Qd4 Bf8 18. Be4 Kc8
19. Bf3 Qc5 20. Qd3 Kc7 {0-1 Lerner,K-Zhuravliov,V/Daugavpils 1974/EXT 2001 
(26)}) 16. Nf5 Nxd5 17. Qg3 (17. Qe2 N7b6 18. Qh5 Bxg5 19. Qxg5+ f6 20. Rxe8+
Kxe8 21. Nxg7+ Kf7 22. Qh6 Rg8 $36 {1/2-1/2 Geller,E-Grigorian,K/Moscow 1973/
URS-ch (41)}) 17... g6 $142 (17... N5f6 $2 18. Nxg7 Rg8 19. Nf5 Re8 20. Qh4 $18
{1-0 Soloviov,S-Rogovoi,M/St.Petersburg 1996/CBM 56 ext (25). (24)})) (15. Nf5
Bf8 16. Qe3 Qc5 17. Qe2 Kc7 18. Bc4 Nb6 19. Bxf6 gxf6 20. Bb3 h5 21. Kb1 Bc8
22. Ne3 f5 $19 {0-1 Semenova,I-Ruck,R/Balatonbereny 1994/EXT 97 (41)}) 15...
Bxc6 16. dxc6 Qxc6 $146 {[%mdl 8]} (16... Nc5 17. Bh4 {'!' Ftacnik.} Bf8 $2 {
After this move black pieces simply don't get out;} 18. Bc4 $44 Ra7 19. Bd5 a5
(19... Qa5 {Ftacnik} 20. Re2 $40) 20. Re3 $1 {[%cal Gd1e1]} Qc8 $1 (20... Qb6
21. Rde1 Ne6 22. Bxe6 fxe6 23. Rxe6 Rf7 24. Re8+ Kc7 25. Qb3 $1 $18) 21. Rde1
$36 {1-0 Kotronias,V-Lesiege,A/Montreal 2002/CBM 91/} (21. Bxf6+ {Ftacnik} gxf6
22. Qe1 Re7 $15)) 17. Bxf6 $5 {A natural continuation of the attack. White
penetrates the queen into the opponent's camp and captures the g7 and f7 pawns.
} Nxf6 $8 {Black must recapture with the knight, as Bf6 looks very dubious.} (
17... Bxf6 $6 18. Be4 Qc8 (18... Qa4 19. Bxa8 Qxa2 20. Rxd6 Qxb2+ 21. Kd1 Qb1+
22. Ke2 Re8+ 23. Kf1 $16) 19. Bxa8 Qxa8 20. Rxd6 $16) 18. Qxg7 Rg8 19. Qxf7 Qe8
$8 {The only defence, but also in this case white's attack looks very
dangerous.} (19... Qc7 20. g3 $40) 20. Qb3 $5 (20. Qc4 $5 $44 Rxg2 21. Rxe7
Kxe7 22. Re1+ Kf8 23. Rxe8+ Rxe8 24. b3 a5 25. Qc7 Re1+ 26. Kb2 Rgg1 $11) 20...
Rxg2 21. Bf5 $6 {A dubious move. White stops controling the b5 square, which
allows black, sometimes, to activize his queen by Qb5. An immideate 21.Qb4
gives white a strong initiative.} (21. Qxb4 $5 Qc6 (21... Rc8 22. Qb7 Rg7 23.
Bxa6 $18) 22. Qa5+ Ke8 23. Qf5 $36) 21... Rg7 (21... Rb8 22. Qe3 Rg7 23. Qd4
$44) 22. Qxb4 Qc6 23. Re6 Kc7 $2 {After 23...Qb5 black takes over the
initiative.} (23... Qb5 $1 24. Rexd6+ Ke8 25. Qxb5+ axb5 26. R6d2 Rxa2 $36) 24.
Re3 {White decides to continue the attack. The simple 24.Rf6 led to a clear
edge.} (24. Rxf6 $1 Bxf6 (24... a5 25. Qe4 Bxf6 26. Qxc6+ Kxc6 27. Be4+ Kd7 28.
Bxa8 $16) 25. Be4 a5 26. Bxc6 axb4 27. Bxa8 $16) 24... Qb6 $2 {A mistake which
leads to a lost position. 24...Kd8 was nessecery with an unclear position.} (
24... Kd8 $5) 25. Rxe7+ $1 Rxe7 26. Qxb6+ Kxb6 27. Rxd6+ Kc7 28. Rxf6 {Three
pawns for an exchange is more than enough compensation.} a5 29. Bd3 a4 (29...
Rg8 30. h4 Rg4 31. h5 $18) 30. Rh6 a3 {Black is desperate for a counterplay.}
31. bxa3 Rxa3 32. f5 Rxa2 33. f6 Rd7 34. Bf5 {Forces black to remove the rook
from the seventh rank, as after 34...Rf7, 35.Be6 is possible.} Rd6 35. Rxh7+
Kb6 36. f7 Ra8 37. Rg7 {Threatens after 38.Rg8 or 38.Rg6 to exchange the rooks.
} Rh8 38. Rg6 Kc7 39. h4 Rdd8 40. h5 1-0